| 000 | 00564nam a2200205 i 4500 | ||
|---|---|---|---|
| 001 | 9337 | ||
| 003 | ES-MaACL | ||
| 005 | 20230906145643.0 | ||
| 008 | 930806s1992 sp ||||1| spa d | ||
| 020 | _a84-604-2684-X | ||
| 080 | _a821.134.2-14"19" | ||
| 100 | 1 |
_aGarcía Zarate, Celia. _955461 |
|
| 245 | 1 | 0 |
_aVoz en el tiempo / _cCelia García Zarate. |
| 260 |
_a[Madrid] : _bEuterpe, _c[1992] |
||
| 300 |
_a19 p. : _bil. ; _c21 cm. |
||
| 490 | 1 |
_aEuterpe ; _v2 |
|
| 830 | 1 |
_aEuterpe ; _v2 _9178437 |
|
| 852 | 4 |
_aES-MaACL _j2146-F-15 |
|
| 999 |
_c9337 _d9337 |
||